000 00408nam a2200181Ia 4500
008 210210b1966 xxu||||| |||| 00| 0 eng d
041 _aeng
082 _a613.7 TAYF
100 _aTAYLOR (Eric)
245 _aFitness after forty
260 _aLondon
_bJohn Murray
_c1966
300 _a170
650 _aforty
650 _aFitness
650 _aafter
690 _aPhysical Fitness
906 _a026706
999 _c139242
_d139242